000 00713cam a2200241 a 4500
001 28071
003 BD-RjUL
005 20211209051233.0
008 140329s1927 nyu 001 eng d
035 _a(BD-RjUL)28152
040 _aNNCU:A
_beng
_cNNCU:A
_dBD-RjUL
041 _aeng
082 0 0 _a973
_bWOW 1927
100 1 _aWood, William.
_986053
245 1 4 _aThe winning of freedom /
_cby W. Wood, R. H. Gabriel.
260 _aToronto :
_bNew Haven,
_cc1927.
300 _a366 p. :
_bill. ;
_c26 cm.
504 _aIncludes index.
651 0 _aUnited States
_xHistory.
_986055
700 1 _aGabriel, Ralph Henry,
_d1890-1987.
_913875
942 _2ddc
_cBK
999 _c28071
_d28071